000 00745pam a2200241 a 4500
001 2013117
005 20180129084641.0
008 910326s1992 njua b 001 0 eng
010 _a 91003419
020 _a0130196215
040 _aDLC
_cDLC
_dDLC
041 _aeng
043 _an-us---
080 _a305.260973
082 0 0 _a305.260973 CON
_220
100 1 _a19
101 _aSHP
245 1 0 _aAging America :
_cKaren A. Conner.
504 _aIncludes bibliographical references (p. 211-223) and indexes.
906 _a7
_bcbc
_corignew
_d1
_eocip
_f19
_gy-gencatlg
942 _2ddc
_cBK
999 _c41191
_d41191